[Event "Torneo Exhibicion Mirabal - A"]
[Site "Boadilla del Monte ESP"]
[Date "2007.05.05"]
[Round "1.1"]
[White "Franco Alonso, Alejandro"]
[Black "Lopez del Alamo, Antonio"]
[Result "1/2-1/2"]
[WhiteElo "2439"]
[BlackElo "2151"]
[PlyCount "41"]
[EventDate "2007.05.05"]
[EventType "tourn"]
[EventRounds "5"]
[EventCountry "ESP"]
[Source "lmi"]
[SourceDate "2007.05.05"]

1. Nf3 Nf6 2. c4 g6 3. Nc3 Bg7 4. e4 d6 5. d4 O-O 6. h3 e5 7. d5 Nh5 8. Nh2 Qe8
9. Be2 Nf4 10. Bf3 f5 11. g3 Nxh3 12. Bg2 Qf7 13. Bxh3 fxe4 14. Ng4 Bxg4 15.
Qxg4 Qxf2+ 16. Kd1 Qd4+ 17. Ke1 Qf2+ 18. Kd1 Qd4+ 19. Ke1 Qf2+ 20. Kd1 Qd4+ 21.
Ke1 1/2-1/2

[Event "Torneo Exhibicion Mirabal - A"]
[Site "Boadilla del Monte ESP"]
[Date "2007.05.05"]
[Round "1.2"]
[White "Fernandez Blazquez, Diego"]
[Black "Herraiz Hidalgo, Herminio"]
[Result "0-1"]
[WhiteElo "2055"]
[BlackElo "2498"]
[PlyCount "62"]
[EventDate "2007.05.05"]
[EventType "tourn"]
[EventRounds "5"]
[EventCountry "ESP"]
[Source "lmi"]
[SourceDate "2007.05.05"]

1. d4 f5 2. g3 Nf6 3. Bg2 g6 4. c4 Bg7 5. Nc3 d6 6. Nf3 O-O 7. O-O Qe8 8. Qc2
Na6 9. a3 e5 10. dxe5 dxe5 11. b4 e4 12. Ng5 h6 13. Nh3 Be6 14. c5 g5 15. f4 g4
16. Nf2 Nd5 17. Nfd1 c6 18. Bb2 Nac7 19. e3 Qf7 20. Ne2 a5 21. bxa5 Rxa5 22.
Nd4 Na6 23. Nxe6 Qxe6 24. Bxg7 Kxg7 25. Qb2+ Qf6 26. Qxb7+ Rf7 27. Qb2 Qxb2 28.
Nxb2 Nxe3 29. Rfe1 Nc2 30. Nc4 Rxc5 31. Ne5 Ra7 0-1

[Event "Torneo Exhibicion Mirabal - A"]
[Site "Boadilla del Monte ESP"]
[Date "2007.05.05"]
[Round "1.3"]
[White "Fernandez Garcia, Miguel Angel"]
[Black "Alonso Fernandez, Marcos"]
[Result "1/2-1/2"]
[WhiteElo "2305"]
[BlackElo "2439"]
[PlyCount "124"]
[EventDate "2007.05.05"]
[EventType "tourn"]
[EventRounds "5"]
[EventCountry "ESP"]
[Source "lmi"]
[SourceDate "2007.05.05"]

1. c4 e6 2. Nf3 Nf6 3. g3 d5 4. b3 c5 5. Bg2 Nc6 6. O-O d4 7. e3 Be7 8. Bb2 e5
9. exd4 exd4 10. d3 O-O 11. Na3 h6 12. Nc2 Bg4 13. Qd2 Qd7 14. Rfe1 Rae8 15.
Ne5 Nxe5 16. Rxe5 Bd6 17. Rxe8 Rxe8 18. Re1 b6 19. a3 a5 20. a4 h5 21. Bc1 h4
22. Rxe8+ Qxe8 23. Ne1 Qe6 24. Nf3 h3 25. Ng5 Qf5 26. Bh1 Bh5 27. f3 Bg6 28.
Ne4 Nxe4 29. dxe4 Qe6 30. Qg5 Be7 31. Qf4 Bf6 32. Bd2 Be5 33. Qh4 Qd7 34. Qg4
Qxg4 35. fxg4 Kf8 36. Kf2 Ke7 37. Bf3 Kd6 38. Ke2 Bh7 39. Kd3 g6 40. g5 f5 41.
gxf6 Bxf6 42. Bg4 g5 43. Bxh3 Ke5 44. Bg2 Be7 45. Bf3 Bg6 46. h3 Bf6 47. Be1
Bg7 48. Bf2 Bh6 49. Bg1 g4 50. hxg4 Bg5 51. Bf2 Bh6 52. Be1 Be3 53. Bd2 Bxd2
54. Kxd2 Bxe4 55. Bxe4 Kxe4 56. Ke2 Ke5 57. Kf3 Kf6 58. Kf4 Kg6 59. Ke4 Kg5 60.
Kf3 Kg6 61. Kf4 Kf6 62. Ke4 Kg5 1/2-1/2

[Event "Torneo Exhibicion Mirabal - A"]
[Site "Boadilla del Monte ESP"]
[Date "2007.05.05"]
[Round "2.1"]
[White "Lopez del Alamo, Antonio"]
[Black "Alonso Fernandez, Marcos"]
[Result "1-0"]
[WhiteElo "2151"]
[BlackElo "2439"]
[PlyCount "76"]
[EventDate "2007.05.05"]
[EventType "tourn"]
[EventRounds "5"]
[EventCountry "ESP"]
[Source "lmi"]
[SourceDate "2007.05.05"]

1. e4 c5 2. Nf3 d6 3. d4 cxd4 4. Nxd4 Nf6 5. Nc3 a6 6. Be2 e5 7. Nb3 Be7 8. Be3
Be6 9. Nd5 Nbd7 10. Qd3 O-O 11. O-O Bxd5 12. exd5 Nc5 13. Nxc5 dxc5 14. c4 e4
15. Qc2 Qc7 16. Bg5 Rae8 17. Rae1 Bd6 18. Bxf6 gxf6 19. Bg4 Bxh2+ 20. Kh1 Qf4
21. Bh3 Re5 22. Re3 Rh5 23. Qe2 Qh6 24. Kxh2 f5 25. f4 Kh8 26. Rg3 Rh4 27. Qe3
Re8 28. Qxc5 Qf6 29. Qe3 Qd6 30. Qd4+ f6 31. c5 Qd8 32. d6 Rg8 33. Rxg8+ Kxg8
34. Qd5+ Kg7 35. d7 Rh5 36. c6 bxc6 37. Qxc6 Rh4 38. Qc8 Qb6 1-0

[Event "Torneo Exhibicion Mirabal - A"]
[Site "Boadilla del Monte ESP"]
[Date "2007.05.05"]
[Round "2.2"]
[White "Franco Alonso, Alejandro"]
[Black "Fernandez Blazquez, Diego"]
[Result "1-0"]
[WhiteElo "2439"]
[BlackElo "2055"]
[PlyCount "55"]
[EventDate "2007.05.05"]
[EventType "tourn"]
[EventRounds "5"]
[EventCountry "ESP"]
[Source "lmi"]
[SourceDate "2007.05.05"]

1. d4 d5 2. Nf3 Nf6 3. c4 c6 4. Nc3 dxc4 5. a4 Bf5 6. Nh4 Bg6 7. Nxg6 hxg6 8.
e3 e6 9. Bxc4 Nbd7 10. a5 b5 11. axb6 axb6 12. Rxa8 Qxa8 13. Qb3 Nd5 14. e4
Nxc3 15. bxc3 Be7 16. O-O Qb8 17. e5 Qc7 18. Be3 O-O 19. Ra1 Re8 20. Ra6 Bf8
21. Qa2 Rb8 22. h3 Rb7 23. Bg5 Nb8 24. Ra8 b5 25. Be2 Nd7 26. Bd8 Nb8 27. Bg5
Nd7 28. Bd8 1-0

[Event "Torneo Exhibicion Mirabal - A"]
[Site "Boadilla del Monte ESP"]
[Date "2007.05.05"]
[Round "3.1"]
[White "Fernandez Blazquez, Diego"]
[Black "Lopez del Alamo, Antonio"]
[Result "0-1"]
[WhiteElo "2055"]
[BlackElo "2151"]
[PlyCount "55"]
[EventDate "2007.05.05"]
[EventType "tourn"]
[EventRounds "5"]
[EventCountry "ESP"]
[Source "lmi"]
[SourceDate "2007.05.05"]

1. d4 g6 2. Nf3 Nf6 3. g3 Bg7 4. Bg2 O-O 5. O-O d6 6. c4 c6 7. Nc3 Qa5 8. e4 e5
9. h3 Nbd7 10. Be3 exd4 11. Nxd4 Ne5 12. Nb3 Qc7 13. Nd2 Re8 14. Qc2 h5 15. f4
Ned7 16. Rae1 a5 17. Nf3 Nc5 18. Ng5 Nh7 19. Nxh7 Kxh7 20. e5 Bf5 21. Qd1 Nd3
22. g4 Nxe1 23. Qxe1 Bd3 24. gxh5 dxe5 25. hxg6+ fxg6 26. Qh4+ Kg8 27. Ne4 exf4
28. Ng5 0-1

[Event "Torneo Exhibicion Mirabal - A"]
[Site "Boadilla del Monte ESP"]
[Date "2007.05.05"]
[Round "3.2"]
[White "Fernandez Garcia, Miguel Angel"]
[Black "Franco Alonso, Alejandro"]
[Result "1/2-1/2"]
[WhiteElo "2305"]
[BlackElo "2439"]
[PlyCount "71"]
[EventDate "2007.05.05"]
[EventType "tourn"]
[EventRounds "5"]
[EventCountry "ESP"]
[Source "lmi"]
[SourceDate "2007.05.05"]

1. d4 d5 2. c4 c6 3. Nf3 Nf6 4. g3 Bf5 5. Bg2 e6 6. O-O h6 7. Nc3 Nbd7 8. b3
Ne4 9. Bb2 Nxc3 10. Bxc3 Be4 11. Re1 Be7 12. Nd2 Bxg2 13. Kxg2 O-O 14. e4 dxe4
15. Nxe4 Nf6 16. Nd2 b5 17. Nf3 Rc8 18. Qe2 a6 19. Rad1 Qc7 20. Bd2 Qb7 21. Kg1
Rfd8 22. Ba5 Re8 23. Ne5 Nd7 24. Bc3 Nxe5 25. dxe5 b4 26. Bb2 Red8 27. Qe4 Bc5
28. Kg2 Qb6 29. Qe2 Rxd1 30. Rxd1 Rd8 31. Rd2 a5 32. Bc1 Rd4 33. Bb2 Rd8 34.
Bc1 Rd4 35. Bb2 Rd8 36. f4 1/2-1/2

[Event "Torneo Exhibicion Mirabal - A"]
[Site "Boadilla del Monte ESP"]
[Date "2007.05.05"]
[Round "3.3"]
[White "Alonso Fernandez, Marcos"]
[Black "Herraiz Hidalgo, Herminio"]
[Result "1/2-1/2"]
[WhiteElo "2439"]
[BlackElo "2498"]
[PlyCount "36"]
[EventDate "2007.05.05"]
[EventType "tourn"]
[EventRounds "5"]
[EventCountry "ESP"]
[Source "lmi"]
[SourceDate "2007.05.05"]

1. d4 f5 2. c4 Nf6 3. g3 g6 4. Bg2 Bg7 5. Nf3 d6 6. Nc3 O-O 7. O-O Qe8 8. d5
Na6 9. Rb1 Nc5 10. Be3 a5 11. Bd4 Bd7 12. Re1 h6 13. b3 g5 14. a3 Qh5 15. e3 b6
16. b4 axb4 17. axb4 Nce4 18. Nxe4 Nxe4 1/2-1/2

[Event "Torneo Exhibicion Mirabal - A"]
[Site "Boadilla del Monte ESP"]
[Date "2007.05.05"]
[Round "4.1"]
[White "Lopez del Alamo, Antonio"]
[Black "Herraiz Hidalgo, Herminio"]
[Result "0-1"]
[WhiteElo "2151"]
[BlackElo "2498"]
[PlyCount "43"]
[EventDate "2007.05.05"]
[EventType "tourn"]
[EventRounds "5"]
[EventCountry "ESP"]
[Source "lmi"]
[SourceDate "2007.05.05"]

1. e4 e6 2. d3 d5 3. Nd2 Nf6 4. Ngf3 Bc5 5. Be2 O-O 6. O-O Bb6 7. c3 c5 8. Qc2
Nc6 9. Re1 Bc7 10. Bf1 d4 11. Nb3 b6 12. Bg5 e5 13. cxd4 exd4 14. e5 h6 15.
Bxf6 gxf6 16. Qd2 fxe5 17. Qxh6 Qd6 18. Qh4 Kg7 19. Ng5 Qg6 20. Be2 Bd8 21. Bf1
Kg8 22. Nf3 0-1

[Event "Torneo Exhibicion Mirabal - A"]
[Site "Boadilla del Monte ESP"]
[Date "2007.05.05"]
[Round "4.2"]
[White "Franco Alonso, Alejandro"]
[Black "Alonso Fernandez, Marcos"]
[Result "1-0"]
[WhiteElo "2439"]
[BlackElo "2439"]
[PlyCount "75"]
[EventDate "2007.05.05"]
[EventType "tourn"]
[EventRounds "5"]
[EventCountry "ESP"]
[Source "lmi"]
[SourceDate "2007.05.05"]

1. Nf3 d5 2. d4 Nf6 3. c4 e6 4. g3 dxc4 5. Bg2 Bb4+ 6. Bd2 a5 7. O-O O-O 8. Bg5
Nc6 9. e3 h6 10. Bxf6 Qxf6 11. a3 Bd6 12. Nbd2 e5 13. d5 Ne7 14. Nxc4 Bg4 15.
e4 b5 16. Nxd6 cxd6 17. Qd3 Bd7 18. Rfc1 Rfc8 19. b4 axb4 20. axb4 Rxc1+ 21.
Rxc1 Nc8 22. Nd2 Qd8 23. Nb3 Ra4 24. Qc3 Nb6 25. Na5 Qb8 26. Bf1 f5 27. Nc6 Qa8
28. Bxb5 Ra2 29. Ne7+ Kf7 30. Bxd7 Kxe7 31. Bxf5 Kf8 32. Qc7 Ra1 33. Rxa1 Qxa1+
34. Kg2 Qd4 35. Qxd6+ Kg8 36. Qd8+ Kf7 37. Qc7+ Kf8 38. Bg6 1-0

[Event "Torneo Exhibicion Mirabal - A"]
[Site "Boadilla del Monte ESP"]
[Date "2007.05.05"]
[Round "4.3"]
[White "Fernandez Blazquez, Diego"]
[Black "Fernandez Garcia, Miguel Angel"]
[Result "0-1"]
[WhiteElo "2055"]
[BlackElo "2305"]
[PlyCount "82"]
[EventDate "2007.05.05"]
[EventType "tourn"]
[EventRounds "5"]
[EventCountry "ESP"]
[Source "lmi"]
[SourceDate "2007.05.05"]

1. d4 Nf6 2. Bg5 c5 3. d5 Qb6 4. Nc3 d6 5. e4 Nbd7 6. Bd2 g6 7. f4 Bg7 8. Nf3
O-O 9. Bc4 Qc7 10. a4 a6 11. O-O Nb6 12. Ba2 Bg4 13. a5 Nbd7 14. Bc4 e6 15.
dxe6 Bxe6 16. Qe2 Rae8 17. Bxe6 Rxe6 18. Qc4 Nb8 19. b4 Rc8 20. b5 Qd7 21. Rab1
Nxe4 22. Nxe4 d5 23. Qe2 Rxe4 24. Qd3 c4 25. Qa3 axb5 26. Ng5 Re2 27. Bc3 Re3
28. Rf3 Rxc3 29. Rxc3 Bxc3 30. Qxc3 d4 31. Qf3 d3 32. cxd3 c3 33. Ne4 Qd4+ 34.
Kh1 b4 35. Qh3 Rd8 36. Ng5 h5 37. Re1 Qxd3 38. Qh4 Rd7 39. Ne4 Qxe4 40. Rxe4
Rd1+ 41. Re1 c2 0-1

[Event "Torneo Exhibicion Mirabal - A"]
[Site "Boadilla del Monte ESP"]
[Date "2007.05.05"]
[Round "5.1"]
[White "Fernandez Garcia, Miguel Angel"]
[Black "Lopez del Alamo, Antonio"]
[Result "1/2-1/2"]
[WhiteElo "2305"]
[BlackElo "2151"]
[PlyCount "96"]
[EventDate "2007.05.05"]
[EventType "tourn"]
[EventRounds "5"]
[EventCountry "ESP"]
[Source "lmi"]
[SourceDate "2007.05.05"]

1. d4 Nf6 2. c4 g6 3. Nc3 Bg7 4. e4 d6 5. f4 O-O 6. Nf3 Na6 7. Bd3 e5 8. fxe5
dxe5 9. d5 Qe7 10. O-O Nc5 11. Bc2 a5 12. Kh1 Nh5 13. Bg5 f6 14. Be3 Bg4 15.
Qd2 f5 16. Ng5 f4 17. Bxc5 Qxg5 18. Bf2 b6 19. Bd1 Bd7 20. d6 c6 21. Na4 Nf6
22. Re1 b5 23. Nc5 Rad8 24. cxb5 cxb5 25. Nxd7 Rxd7 26. Bb3+ Kh8 27. Be6 Rdd8
28. Rad1 Ng4 29. Qe2 Nxf2+ 30. Qxf2 Qf6 31. Bd5 Rxd6 32. Rc1 h5 33. Rc5 Rb8 34.
Rec1 Qd8 35. Qf3 Bf8 36. Qh3 Rf6 37. Rc8 Rxc8 38. Rxc8 Qb6 39. Qc3 Qf2 40.
Rxf8+ Rxf8 41. Qxe5+ Kh7 42. Qe7+ Rf7 43. Qxf7+ Kh6 44. Qf8+ Kg5 45. Qd8+ Kh6
46. Qh8+ Kg5 47. Qd8+ Kh6 48. Qh8+ Kg5 1/2-1/2

[Event "Torneo Exhibicion Mirabal - A"]
[Site "Boadilla del Monte ESP"]
[Date "2007.05.05"]
[Round "5.2"]
[White "Alonso Fernandez, Marcos"]
[Black "Fernandez Blazquez, Diego"]
[Result "1-0"]
[WhiteElo "2439"]
[BlackElo "2055"]
[PlyCount "79"]
[EventDate "2007.05.05"]
[EventType "tourn"]
[EventRounds "5"]
[EventCountry "ESP"]
[Source "lmi"]
[SourceDate "2007.05.05"]

1. d4 Nf6 2. c4 c5 3. d5 b5 4. cxb5 a6 5. bxa6 Bxa6 6. Nc3 g6 7. Nf3 Bg7 8. e4
Bxf1 9. Kxf1 d6 10. h3 O-O 11. Kg1 Nbd7 12. Kh2 Qb6 13. Re1 Rfb8 14. Re2 Qa6
15. Rc2 Nb6 16. Bg5 Nc4 17. Qe2 h6 18. Bc1 Nd7 19. Nd1 Nce5 20. Nxe5 Nxe5 21.
Qxa6 Rxa6 22. Bd2 Rba8 23. a3 Rb8 24. Bc3 Rb3 25. Ne3 Nd3 26. Bxg7 Kxg7 27. Nc4
Ra4 28. f3 f5 29. Rd1 fxe4 30. fxe4 Nf2 31. Rxf2 Rxc4 32. Rdf1 h5 33. Re2 Rd4
34. Rf4 c4 35. Ref2 c3 36. bxc3 Rxc3 37. Rf7+ Kh6 38. Rxe7 Rxa3 39. h4 Re3 40.
Rff7 1-0

[Event "Torneo Exhibicion Mirabal - A"]
[Site "Boadilla del Monte ESP"]
[Date "2007.05.05"]
[Round "5.3"]
[White "Herraiz Hidalgo, Herminio"]
[Black "Franco Alonso, Alejandro"]
[Result "1/2-1/2"]
[WhiteElo "2498"]
[BlackElo "2439"]
[PlyCount "31"]
[EventDate "2007.05.05"]
[EventType "tourn"]
[EventRounds "5"]
[EventCountry "ESP"]
[Source "lmi"]
[SourceDate "2007.05.05"]

1. d4 d5 2. c4 c6 3. cxd5 cxd5 4. Nc3 Nc6 5. Nf3 Nf6 6. Bf4 Bf5 7. e3 e6 8. Bd3
Bxd3 9. Qxd3 Bd6 10. Bxd6 Qxd6 11. O-O O-O 12. Rfc1 Rfc8 13. Na4 Ne4 14. Nc5
Nxc5 15. Rxc5 b6 16. Rc3 1/2-1/2

[Event "Torneo Exhibicion Mirabal - B"]
[Site "Boadilla del Monte ESP"]
[Date "2007.05.05"]
[Round "1.1"]
[White "Garcia Cuenca, Victor"]
[Black "Valles Moreno, Ivan"]
[Result "1-0"]
[WhiteElo "2283"]
[BlackElo "2399"]
[PlyCount "102"]
[EventDate "2007.05.05"]
[EventType "tourn (rapid)"]
[EventRounds "5"]
[EventCountry "ESP"]
[Source "lmi"]
[SourceDate "2007.05.05"]

1. d4 d5 2. c4 c6 3. Nf3 Nf6 4. Nc3 dxc4 5. a4 Bg4 6. e3 e5 7. Bxc4 exd4 8.
Qxd4 Qxd4 9. Nxd4 a5 10. O-O Na6 11. f3 Bh5 12. Rd1 Bg6 13. e4 Nd7 14. h3 Nb4
15. f4 h5 16. f5 Bh7 17. Bf4 Bc5 18. Kh2 Rd8 19. Bc7 Rc8 20. Bxa5 Ne5 21. Be2
b6 22. Bxb4 Bxb4 23. Bxh5 Nc4 24. Rab1 Ke7 25. Be2 Ne5 26. Kh1 Rhd8 27. Nf3 Nd7
28. Ba6 Rc7 29. Bc4 Ra7 30. Bb3 Raa8 31. Bc2 f6 32. Nd4 Ne5 33. Ne6 Rg8 34. Nc7
Rac8 35. N7d5+ cxd5 36. Nxd5+ Ke8 37. Nxb4 g6 38. Bb3 Rf8 39. Be6 Ra8 40. b3
gxf5 41. exf5 Bg8 42. Nd5 Bxe6 43. fxe6 Rb8 44. Rbc1 f5 45. Nf4 Ke7 46. Rd5 Kf6
47. Re1 Nc6 48. e7 Nxe7 49. Rd6+ Kf7 50. Rd7 Rfe8 51. Nd5 Ra8 1-0

[Event "Torneo Exhibicion Mirabal - B"]
[Site "Boadilla del Monte ESP"]
[Date "2007.05.05"]
[Round "1.2"]
[White "Vallejo Diaz, Jesus"]
[Black "Serrano Salvador, Eduardo"]
[Result "0-1"]
[WhiteElo "2289"]
[BlackElo "2369"]
[PlyCount "62"]
[EventDate "2007.05.05"]
[EventType "tourn (rapid)"]
[EventRounds "5"]
[EventCountry "ESP"]
[Source "lmi"]
[SourceDate "2007.05.05"]

1. e4 c5 2. Nf3 e6 3. b3 Nc6 4. Bb2 d6 5. Bb5 Nge7 6. O-O a6 7. Bxc6+ Nxc6 8.
d4 cxd4 9. Nxd4 Bd7 10. c4 Be7 11. Ne2 O-O 12. Nbc3 Ne5 13. Qd2 b5 14. cxb5
axb5 15. Ng3 Qb6 16. Nce2 Qb7 17. f4 Ng4 18. h3 Nf6 19. e5 dxe5 20. fxe5 Nd5
21. Ne4 Rfd8 22. N2g3 Be8 23. Qe2 Qb6+ 24. Kh2 Qe3 25. Qg4 Qh6 26. Nf6+ Bxf6
27. exf6 Ne3 28. Qe4 Nxf1+ 29. Rxf1 Rxa2 30. Bc3 Qg6 31. Qb7 Qc2 0-1

[Event "Torneo Exhibicion Mirabal - B"]
[Site "Boadilla del Monte ESP"]
[Date "2007.05.05"]
[Round "1.3"]
[White "Gonzalez Somoza, Oliver"]
[Black "Morales, Jhon Alexander"]
[Result "0-1"]
[WhiteElo "2309"]
[BlackElo "2314"]
[PlyCount "90"]
[EventDate "2007.05.05"]
[EventType "tourn (rapid)"]
[EventRounds "5"]
[EventCountry "ESP"]
[Source "lmi"]
[SourceDate "2007.05.05"]

1. e4 c5 2. Nf3 d6 3. g3 Nc6 4. Bg2 Nf6 5. d3 g6 6. O-O Bg7 7. c3 O-O 8. Bg5 h6
9. Be3 Rb8 10. Qc1 Kh7 11. Rd1 Ng4 12. Bd2 b5 13. h3 Nge5 14. Nxe5 Nxe5 15. Qc2
c4 16. d4 Nd3 17. Bf1 d5 18. Bxd3 cxd3 19. Qxd3 Bxh3 20. e5 Qd7 21. Bf4 Rb6 22.
Nd2 Bf5 23. Qe2 g5 24. Be3 f6 25. exf6 Rbxf6 26. Kg2 Bh3+ 27. Kh2 Bg4 28. Qd3+
Kg8 29. Rh1 a6 30. Kg2 Qe6 31. Rh2 Bf5 32. Qe2 Bg6 33. a4 Rxf2+ 34. Qxf2 Rxf2+
35. Kxf2 Qf5+ 36. Kg1 Qd3 37. Re1 bxa4 38. Nf1 a3 39. Rd2 Qc4 40. bxa3 Qxc3 41.
Bf2 Be4 42. Re3 Qc1 43. Rb3 Qc8 44. Nh2 Qh3 45. Be1 Bxd4+ 0-1

[Event "Torneo Exhibicion Mirabal - B"]
[Site "Boadilla del Monte ESP"]
[Date "2007.05.05"]
[Round "2.1"]
[White "Valles Moreno, Ivan"]
[Black "Morales, Jhon Alexander"]
[Result "1-0"]
[WhiteElo "2399"]
[BlackElo "2314"]
[PlyCount "31"]
[EventDate "2007.05.05"]
[EventType "tourn (rapid)"]
[EventRounds "5"]
[EventCountry "ESP"]
[Source "lmi"]
[SourceDate "2007.05.05"]

1. d4 d6 2. e4 Nf6 3. f3 e5 4. d5 c6 5. c4 Be7 6. Nc3 cxd5 7. cxd5 O-O 8. Be3
a6 9. Nge2 Ne8 10. Qd2 Nd7 11. Nc1 g6 12. Nd3 Ng7 13. O-O-O f5 14. Kb1 Nf6 15.
h3 fxe4 16. fxe4 1-0

[Event "Torneo Exhibicion Mirabal - B"]
[Site "Boadilla del Monte ESP"]
[Date "2007.05.05"]
[Round "2.2"]
[White "Garcia Cuenca, Victor"]
[Black "Vallejo Diaz, Jesus"]
[Result "1/2-1/2"]
[WhiteElo "2283"]
[BlackElo "2289"]
[PlyCount "86"]
[EventDate "2007.05.05"]
[EventType "tourn (rapid)"]
[EventRounds "5"]
[EventCountry "ESP"]
[Source "lmi"]
[SourceDate "2007.05.05"]

1. d4 Nf6 2. c4 g6 3. Nf3 Bg7 4. g3 d6 5. Bg2 O-O 6. O-O Nbd7 7. Nc3 e5 8. e4
c6 9. h3 Re8 10. Be3 exd4 11. Nxd4 Nc5 12. Qc2 Qe7 13. Rfe1 Bd7 14. Bg5 Rad8
15. b4 Ne6 16. Nxe6 Bxe6 17. c5 h6 18. cxd6 Rxd6 19. e5 hxg5 20. exd6 Qxd6 21.
a3 Qd4 22. Rad1 Qc4 23. Bf1 Qb3 24. Qxb3 Bxb3 25. Rxe8+ Nxe8 26. Rd8 Kf8 27.
Ne4 Ke7 28. Rb8 Nd6 29. Nxd6 Kxd6 30. Rxb7 Bd4 31. Bg2 Be6 32. a4 Bc4 33. Bf3
Bb3 34. b5 cxb5 35. Rxb5 Bc4 36. Rxg5 Be6 37. h4 Bf5 38. g4 f6 39. Rxf5 gxf5
40. gxf5 Ke5 41. Bg4 Kf4 42. Bh3 Kf3 43. h5 Bxf2+ 1/2-1/2

[Event "Torneo Exhibicion Mirabal - B"]
[Site "Boadilla del Monte ESP"]
[Date "2007.05.05"]
[Round "2.3"]
[White "Serrano Salvador, Eduardo"]
[Black "Gonzalez Somoza, Oliver"]
[Result "1/2-1/2"]
[WhiteElo "2369"]
[BlackElo "2309"]
[PlyCount "100"]
[EventDate "2007.05.05"]
[EventType "tourn (rapid)"]
[EventRounds "5"]
[EventCountry "ESP"]
[Source "lmi"]
[SourceDate "2007.05.05"]

1. d4 d5 2. c4 Nc6 3. e3 e5 4. dxe5 d4 5. a3 Be6 6. Nf3 dxe3 7. Qxd8+ Rxd8 8.
Bxe3 Nh6 9. Bxh6 gxh6 10. Nbd2 Bg7 11. O-O-O Nxe5 12. Nxe5 Bxe5 13. Be2 Bf5 14.
Bf3 O-O 15. Ne4 Rde8 16. Rhe1 Re6 17. Re2 Rfe8 18. Rde1 Bf4+ 19. Kb1 Bxh2 20.
g3 Bg1 21. Ka2 Bxe4 22. Rxe4 Rxe4 23. Rxe4 Rxe4 24. Bxe4 Bxf2 25. g4 b6 26. Kb3
Bd4 27. Kc2 Kg7 28. b3 Kf6 29. Kd3 Bb2 30. a4 Kg5 31. Bf3 Kf4 32. Bd1 c5 33.
Be2 Bd4 34. Bd1 h5 35. gxh5 f5 36. Be2 Kg3 37. Bd1 h6 38. Be2 Kf4 39. Bd1 Ke5
40. Bf3 Kd6 41. Bg2 Ke5 42. Bf3 Kf4 43. Bd1 a6 44. Be2 Kg3 45. Bd1 Kf4 46. Be2
Ke5 47. Bf3 Kd6 48. Bg2 Kc7 49. Bh3 Kd6 50. Bxf5 Ke5 1/2-1/2

[Event "Torneo Exhibicion Mirabal - B"]
[Site "Boadilla del Monte ESP"]
[Date "2007.05.05"]
[Round "3.1"]
[White "Vallejo Diaz, Jesus"]
[Black "Valles Moreno, Ivan"]
[Result "0-1"]
[WhiteElo "2289"]
[BlackElo "2399"]
[PlyCount "86"]
[EventDate "2007.05.05"]
[EventType "tourn (rapid)"]
[EventRounds "5"]
[EventCountry "ESP"]
[Source "lmi"]
[SourceDate "2007.05.05"]

1. e4 e6 2. d4 d5 3. Nd2 c5 4. exd5 exd5 5. Bb5+ Nc6 6. Qe2+ Be7 7. Ngf3 Nf6 8.
O-O O-O 9. dxc5 Bxc5 10. c3 Bb6 11. Qd3 Re8 12. Nb3 Ne4 13. a4 Qd6 14. Nbd4 Bd7
15. Be3 Bc7 16. Ne2 Bf5 17. Bf4 Qd7 18. Bxc7 Ng3 19. Bxg3 Bxd3 20. Bxd3 a6 21.
Ned4 Nxd4 22. Nxd4 g6 23. Bc2 Kg7 24. Rfe1 h5 25. h3 f6 26. Bb3 Kh7 27. Rxe8
Rxe8 28. Kf1 Qd8 29. Rd1 Qb6 30. Rd2 Qc5 31. Bf4 h4 32. Be3 Qa5 33. Nc2 Rd8 34.
Nb4 d4 35. Bxd4 b5 36. axb5 Qxb5+ 37. Kg1 a5 38. Nd5 Qxb3 39. Nxf6+ Kg7 40.
Nd7+ Kh6 41. Ne5 Kh7 42. Ng4 g5 43. Re2 Qd1+ 0-1

[Event "Torneo Exhibicion Mirabal - B"]
[Site "Boadilla del Monte ESP"]
[Date "2007.05.05"]
[Round "3.2"]
[White "Gonzalez Somoza, Oliver"]
[Black "Garcia Cuenca, Victor"]
[Result "1-0"]
[WhiteElo "2309"]
[BlackElo "2283"]
[PlyCount "89"]
[EventDate "2007.05.05"]
[EventType "tourn (rapid)"]
[EventRounds "5"]
[EventCountry "ESP"]
[Source "lmi"]
[SourceDate "2007.05.05"]

1. d4 Nf6 2. c4 c5 3. d5 b5 4. cxb5 a6 5. bxa6 g6 6. Nc3 Bxa6 7. g3 d6 8. Bg2
Bg7 9. Nf3 Nbd7 10. Rb1 Nb6 11. O-O Bc4 12. b3 Nfxd5 13. Nxd5 Bxd5 14. Bb2 Bxb2
15. Rxb2 O-O 16. Qd2 e6 17. Qh6 Qf6 18. Ng5 Qg7 19. Qxg7+ Kxg7 20. e4 Bb7 21.
Rd1 Rfd8 22. Rbd2 Nc8 23. e5 Bxg2 24. Kxg2 d5 25. Ne4 Ra5 26. Rc1 dxe4 27. Rxd8
Nb6 28. a4 g5 29. Rb8 Nd7 30. Rb5 Ra7 31. Re1 Nxe5 32. Rxe4 Nd7 33. a5 Kf6 34.
h4 h6 35. Ra4 Ra6 36. Rb7 Ke7 37. Ra1 Ke8 38. Rd1 Nf6 39. hxg5 hxg5 40. Rh1 Kf8
41. Rb5 Nd7 42. Rh5 g4 43. Rb7 Ke8 44. Rh8+ Ke7 45. Rc8 1-0

[Event "Torneo Exhibicion Mirabal - B"]
[Site "Boadilla del Monte ESP"]
[Date "2007.05.05"]
[Round "3.3"]
[White "Morales, Jhon Alexander"]
[Black "Serrano Salvador, Eduardo"]
[Result "1-0"]
[WhiteElo "2314"]
[BlackElo "2369"]
[PlyCount "74"]
[EventDate "2007.05.05"]
[EventType "tourn (rapid)"]
[EventRounds "5"]
[EventCountry "ESP"]
[Source "lmi"]
[SourceDate "2007.05.05"]

1. e4 c5 2. Nf3 e6 3. d4 cxd4 4. Nxd4 Nc6 5. Nc3 a6 6. Be2 Qc7 7. Be3 Nf6 8.
O-O Bb4 9. Na4 Be7 10. Nxc6 bxc6 11. Nb6 Rb8 12. Nxc8 Qxc8 13. Bd4 c5 14. Be5
Rb6 15. Qd3 d6 16. Bc3 Qc6 17. e5 dxe5 18. Bxe5 O-O 19. Rfd1 Qe4 20. Qxe4 Nxe4
21. f3 Nf6 22. c4 Ne8 23. Rab1 Bf6 24. f4 Bxe5 25. fxe5 f6 26. Rd8 fxe5 27. Rc8
Rd6 28. Rxc5 e4 29. Re5 Nf6 30. Rd1 Rfd8 31. Rxd6 Rxd6 32. Kf2 Rd2 33. Ke3 Rxb2
34. Ra5 Rb6 35. c5 Rc6 36. Bxa6 Nd7 37. Bb5 Rxc5 1-0

[Event "Torneo Exhibicion Mirabal - B"]
[Site "Boadilla del Monte ESP"]
[Date "2007.05.05"]
[Round "4.1"]
[White "Valles Moreno, Ivan"]
[Black "Serrano Salvador, Eduardo"]
[Result "0-1"]
[WhiteElo "2399"]
[BlackElo "2369"]
[PlyCount "58"]
[EventDate "2007.05.05"]
[EventType "tourn (rapid)"]
[EventRounds "5"]
[EventCountry "ESP"]
[Source "lmi"]
[SourceDate "2007.05.05"]

1. d4 Nf6 2. c4 d6 3. Nc3 Nbd7 4. e4 e5 5. d5 Nc5 6. f3 a5 7. Be3 Be7 8. Qd2 h6
9. O-O-O c6 10. Kb1 cxd5 11. cxd5 b6 12. Bb5+ Bd7 13. Bxd7+ Qxd7 14. Bxc5 bxc5
15. a4 O-O 16. Nge2 Ne8 17. Nb5 Nc7 18. Nec3 f5 19. exf5 Rxf5 20. Qd3 Rf4 21.
Rhe1 Nxb5 22. Qxb5 Qd8 23. Re4 Rb8 24. Qc6 Rb6 25. Rxf4 exf4 26. Re1 Kf8 27.
Re4 g5 28. Re6 Rxc6 29. dxc6 Qc8 0-1